Biblioteca

Journals / George Whitefield's (Registro nro. 36266)

Detalles MARC
000 -LÍDER
Campo fijo de descripción fija 004570000a22001570004500
020 ## - NÚMERO INTERNACIONAL NORMALIZADO PARA LIBROS
Número Internacional Normalizado del libro 0-85151-482-0
041 0# - CÓDIGO DE IDIOMA
Código de idioma para texto/pista de sonido o título separado
082 04 - NÚMERO DE CLASIFICACIÓN DECIMAL DEWEY
Número de clasificación G 922.5 W591g
001 - NÚMERO DE CONTROL
Campo de control 5911
100 1# - ASIENTO PRINCIPAL--NOMBRE PERSONAL
Nombre personal Whitefield, George
245 10 - TÍTULO
Título del Material Journals / George Whitefield's
260 ## - PUBLICACIÓN, DISTRIBUCIÓN, ETC. (PIE DE IMPRENTA)
Lugar de publicación, distribución, etc. Carlisle, PA., USA : The Banner of Truth Trust
300 ## - DESCRIPCIÓN FÍSICA
Extensión 594 Pag
650 14 - ASIENTO SECUNDARIO DE MATERIA - TERMINO TEMÁTICO
Término temático o nombre geográfico como elemento de entrada Gran Despertar \ Whitefield, George - 1.714 hasta 1.770 \ Iglesia de Inglaterra - Clero - Biografía
942 ## - TIPO DE MATERIAL (KOHA)
Tipo de Item KOHA Libros General
Existencias
Estado de Material Estado de Perdido Estado de Dañado No para Préstamo Colección Tomo Biblioteca de Origen Biblioteca Permanente Fecha de Adquisición Total de Préstamos Signatura Topográfica Código de Barras Última vez visto Ejemplar/Existencia Fecha de Remplazo Tipo de Material
        Colección General   Biblioteca FUSBC Biblioteca FUSBC 21/12/2004   G 922.5 W591g 10652 12/12/2019 1 26/01/2016 Libros General
        Colección General   Biblioteca FUSBC Biblioteca FUSBC 21/12/2004   G 922.5 W591g 10667 12/12/2019 2 26/01/2016 Libros General

Biblioteca FUSBC | Teléfono: (57+4) 349 88 10 Ext. 141| WhatsApp (+57) 3005338115 
E-mail: biblioteca@unisbc.edu.co | Calle 76 87-14 Robledo Palenque, Medellín, Colombia

Con tecnología Koha